Normal view
MARC view
Entry Personal Name
001 - CONTROL NUMBER
- control field: 14770
003 - CONTROL NUMBER IDENTIFIER
- control field: ARRUPE
005 - DATE AND TIME OF LATEST TRANSACTION
- control field: 20150129143100.0
008 - FIXED-LENGTH DATA ELEMENTS
- fixed length control field: 150129|| aca||aabn | a|a d
040 ## - CATALOGING SOURCE
- Original cataloging agency: ARRUPE
- Transcribing agency: ARRUPE
100 ## - HEADING--PERSONAL NAME
- Personal name: Patrides, C. A.
670 ## - SOURCE DATA FOUND
- Source citation: Work cat.: (ARRUPE)0: Herbert, George, 1593-1633. 14769, The English poems of George Herbert /, 1986, c1974.